| 000 | 01276cam a22002651i 4500 | ||
|---|---|---|---|
| 003 | SA-RiAUC | ||
| 005 | 20241225064507.0 | ||
| 008 | 241224s2013 ua f e 000 0 ara c | ||
| 040 |
_aSA-JeALM _bara _cSA-RiAUC _erda |
||
| 082 | 0 | 4 |
_a214.6103 _qSA-RiAUC |
| 090 |
_a214.6103 _bش ا ف |
||
| 100 | 1 |
_aالشافعي، أحمد _eمؤلف. |
|
| 245 | 1 | 2 |
_aالموسوعة الطبية الفقهية والنوازل العصرية/ _bموسوعة جامعة للمسائل والبحوث الطبية والنوازل العصرية واحكامها في ظل الشريعة الاسلامية مرتبة على الابواب الفقهية _cجمع واعداد أحمد الشافعي. مصطفى ادم . صابر فتحي |
| 250 | _aالطبعة الاولى. | ||
| 264 | 1 |
_aالقاهرة : _bدار ابن حزم للطباعة والنشر والتوزيع، _c2013 |
|
| 300 |
_a3 مجلد ؛ _c24 سم |
||
| 336 |
_aنص _btxt _2rdacontent _3كتاب |
||
| 337 |
_aبدون وسيط _bn _2rdamedia |
||
| 338 |
_aمجلد _bnc _2rdacarrier |
||
| 650 | 7 |
_aالإسلام والطب _vدوائر معارف _2aucsh |
|
| 700 |
_aادم، مصطفى _fمعد |
||
| 700 |
_aفتحي، صابر _eمعد |
||
| 942 |
_2ddc _cBOOK _n0 |
||
| 949 |
_aSA-JeALM _d241224 _uosman123 _n1 |
||
| 999 |
_c3932 _d3932 |
||